Mito

में बचाया:
ग्रंथसूची विवरण
मुख्य लेखक: Jesi, Furio (लेखक)
स्वरूप: पुस्तक
भाषा:स्पेनिश
प्रकाशित: Barcelona Labor 1976
श्रृंखला:Temas de filosofía
विषय:
टैग: टैग जोड़ें
कोई टैग नहीं, इस रिकॉर्ड को टैग करने वाले पहले व्यक्ति बनें!

MARC

LEADER 00000cam a2200000 a 4500
001 UCY7278
003 CL-VaPUC
008 950609e19760400SP |||||||||||||||||spa|d
082 0 4 |a 291.13  |b JES  |2 21 
100 |a Jesi, Furio  |e author  |9 591929 
245 1 0 |a Mito 
300 |a 161 p 
942 |c BK 
945 |d 19950609 00:00:00  |a cmena 
260 |a Barcelona  |b Labor  |c 1976 
650 0 |a Mitología   |9 255719 
650 7 |a FOLKLORE  |2 CL-VaPUC  |9 268291 
650 0 |a Investigación científica  |9 259857 
650 0 |a Símbolos  |9 267425 
650 0 |a Teología   |9 258766 
650 7 |a MAGIA  |2 CL-VaPUC  |9 319651 
650 0 |a Psicoanálisis   |9 265702 
583 |a last modification  |c 20160520 09:20:23  |k Rodrigo Vera 
490 0 |a Temas de filosofía 
999 |c 234693  |d 234691 
952 |0 0  |1 0  |4 0  |6 291_130000000000000_JES_1976  |7 0  |8 A  |9 241310  |a BIBEDU  |b BIBEDU  |d 2019-11-18  |i 1517996  |l 1  |o 291.13 JES 1976  |p 1517996  |r 2023-04-06  |s 2023-03-16  |w 2019-11-18  |y BK  |k EDU 
952 |0 0  |1 0  |3 erb  |4 0  |6 291_130000000000000_JES_1976  |7 0  |8 A  |9 241311  |a FDOHBE  |b BIBHIS  |e Huesbe Llanos, Marco Antonio, 1934-  |i 5305853  |l 1  |o 291.13 JES 1976  |p 5305853  |r 2024-01-30  |s 2023-08-29  |w 2019-11-18  |y BK  |z Catalogado en:20160520  |k HBE